Latinsko-slovenský slovník

Salvato in:
Dettagli Bibliografici
Autore principale: Špaňár, Július
Altri autori: Hrabovský, Jozef
Natura: Libro
Lingua:slovacco
Pubblicazione: Bratislava Slovenské pedagogické nakladateľstvo 1983
Edizione:3. vyd.
Soggetti:
Tags: Aggiungi Tag
Nessun Tag, puoi essere il primo ad aggiungerne!!

MARC

LEADER 00000nam a2200000 4500
001 c118889
005 20041019155212.7
041 0 |a slo 
044 |a SK 
245 1 0 |a Latinsko-slovenský slovník  |c Július Špaňár, Jozef Hrabovský 
250 |a 3. vyd. 
264 1 |a Bratislava  |b Slovenské pedagogické nakladateľstvo  |c 1983 
300 |a 1222 s. 
610 2 0 |a jazykoveda 
610 2 0 |a terminológia 
100 1 |a Špaňár, Július 
700 1 |a Hrabovský, Jozef